=LDR 00000nam 2200000 4500 =001 INLIS000000000053769 =005 20210128083340 =035 ##$$a 0010-0219000026 =007 ta =008 210128###########################0###### =082 ##$$a 352.23 =084 ##$$a 352.23 KOM =245 ##$$a Kompilasi Pidato Menteri Keuangan 2019 =260 ##$$a Jakarta :$b Biro Komunikasi dan Layanan Informasi Sekretaris Jenderal Kementerian Keuangan 2016,$c 2016 =300 ##$$a 174 hlm. : $b ilus. ; $c 21 Cm. =650 #4$$a Menteri Keuangan-Kumpulan Pidato =990 ##$$a 31800157 =990 ##$$a 31800158 =990 ##$$a 00620062 =990 ##$$a 3202100062 =990 ##$$a 31800157 =990 ##$$a 31800158